Young Multi - Pogba - Statystyki

Ogólne statystyki
  • Ten quiz został rozwiązany 34 razy
  • Średni wynik to 255 z 386
Statystyki odpowiedzi
Odpowiedź % Poprawnych
ja
100%
po
100%
jak
96%
Jak
96%
Pogba
96%
forsa
92%
leczy
92%
Moje
92%
smutki
92%
tak
92%
ty
92%
Ty
92%
w
92%
W
92%
z
92%
Chcę
88%
chce
88%
i
88%
ile
88%
jeszcze
88%
Na
88%
na
88%
potrwa
88%
to
88%
To
88%
życiu
88%
A
83%
bo
83%
Bo
83%
mi
83%
nie
83%
Nie
83%
no
83%
o
83%
się
83%
typie
83%
Typy
83%
wiedzieć
83%
by
79%
jest
79%
jesteś
79%
miałem
79%
nic
79%
tu
79%
Zza
79%
kłoda
75%
ma
75%
pod
75%
tańczę
75%
ten
75%
wojna
75%
co
71%
Dziadek
71%
ej
71%
Mróz
71%
Że
71%
że
71%
Znikaj
71%
znowu
71%
Znowu
71%
była
67%
Czuje
67%
Czuję
67%
jakby
67%
morda
67%
nadgarstku
67%
poddał
67%
sprostam
67%
sukcesów
67%
Berlin
63%
być
63%
cieszy
63%
do
63%
dredami
63%
Dzisiaj
63%
już
63%
kiedyś
63%
lepiej
63%
popatrz
63%
taki
63%
te
63%
tutaj
63%
Weź
63%
wóz
63%
zwariować
63%
domem
58%
głowie
58%
Kodak
58%
pomimo
58%
słyszę
58%
slyszę
58%
stoi
58%
Supreme
58%
szczyt
58%
też
58%
typom
58%
żebym
58%
54%
bawią
54%
Gdy
54%
lin
54%
Między
54%
Pierdolę
54%
Przegrywy
54%
robiłem
54%
tego
54%
trzeba
54%
chcą
50%
ciągle
50%
doradców
50%
dzwoni
50%
gapią
50%
milly
50%
mnie
50%
Ona
50%
przez
50%
Przez
50%
stylówa
50%
Trudno
50%
trzymam
50%
Zamulasz
50%
zrobił
50%
bananem
46%
granego
46%
jakbym
46%
lean
46%
moją
46%
molly
46%
nich
46%
Suko
46%
taktu
46%
zażywał
46%
zrobiłem
46%
chciałem
42%
coś
42%
Jedyne
42%
jestem
42%
Krzyczę
42%
problemy
42%
przeżywają
42%
rady
42%
spłaciłem
42%
stery
42%
swojemu
42%
tańczył
42%
tym
42%
Wock
42%
wygrałem
42%
zrobić
42%
życie
42%
buja
38%
było
38%
cicho
38%
dwa
38%
Fendi
38%
gierek
38%
głuchy
38%
gość
38%
im
38%
krok
38%
lata
38%
mówi
38%
możliwe
38%
Multi
38%
nawet
38%
nienawidzili
38%
piła
38%
rodzicom
38%
show
38%
skończyły
38%
szok
38%
takie
38%
teraz
38%
wtedy
38%
będzie
33%
buty
33%
czasie
33%
domówki
33%
dziwką
33%
hip-hop
33%
imprezach
33%
końcu
33%
ludzi
33%
milion
33%
możesz
33%
niej
33%
nuty
33%
od
33%
płaczesz
33%
przykro
33%
przyszłość
33%
sieciówki
33%
siedzą
33%
słuchasz
33%
tacie
33%
tej
33%
wydam
33%
zamienić
33%
zarobię
33%
zostać
33%
Zygmunt
33%
bzdury
29%
ciuchy
29%
Pomóc
29%
rock
25%
oceanów
13%
wyjść
13%
Nie znaleziono quizów pasujących do podanych kryteriów
Rozkład punktacji
Procent ludzi z każdym wynikiem
Percentyl według liczby udzielonych odpowiedzi
Twoja historia wyników
Nie rozwiązałeś tego quizu